000 01193nam a2200349 i 4500
003 CO-BoRNBP
005 20220316235538.0
007 ta
008 200326s2009 ck a gr 000 0 spa d
020 _a9588061563
040 _aCO-BoRNBP
_bspa
_erda
_cCO-BoRNBP
041 1 _aspa
_heng
084 _aC CAM6
100 1 _aCameron, Ann
_eautora
245 1 3 _aEl lugar más bonito del mundo
_cAnn Cameron ; ilustrado por Thomas B. Allen ; traducido por P. Rozarena
250 _aPrimera edición
264 1 _aBogotá, Colombia
_bAlfaguara
_c2009
300 _a69 páginas
_bilustraciones en blanco y negro
_c24 cm
336 _atexto
_btxt
_2rdacontent
337 _asin mediación
_bn
_2rdamedia
338 _avolumen
_bnc
_2rdacarrier
490 0 _aInfantil
534 _tThe most beautiful place in the world
650 1 7 _aCuentos infantiles estadounidenses
_2ARMARC
650 1 7 _aLiteratura infantil estadounidense
_2ARMARC
650 1 7 _aAutores estadounidenses
_2ARMARC
650 1 7 _aNiños
_vCuentos
_2ARMARC
650 1 7 _aRelación abuela-nietos
_vCuentos
_2ARMARC
700 1 _aAllen, Thomas B.
_eilustrador
_9206154
700 1 _aRozarena, P.
_eilustrador
_967435
942 _2loc
_cBK
999 _c1301
_d1301